Sweden in Eurovision (1958-2026) - Statistics

General Stats
  • This quiz has been taken 24 times
    2 since last reset
  • The average score is 24 of 66
Answer Stats
Year Song title Result % Correct
2018 Dance You Off 7
100%
1984 Diggi-Loo Diggi-Ley 1
100%
2012 Euphoria 1
100%
2008 Hero 18
100%
2015 Heroes 1
100%
2022 Hold Me Closer 4
100%
2017 I Can't Go On 5
100%
2016 If I Were Sorry 5
100%
2020 Move N/A
100%
2026 My System 20
100%
2023 Tattoo 1
100%
2019 Too Late for Love 5
100%
2014 Undo 3
100%
2021 Voices 14
100%
1974 Waterloo 1
100%
1965 Absent Friend 10
50%
1985 Bra vibrationer 3
50%
1996 Den vilda 3
50%
1993 Eloise 7
50%
1991 Fångad av en stormvind 1
50%
1983 Främling 3
50%
2006 Invincible 5
50%
1975 Jennie, Jennie 8
50%
2005 Las Vegas 19
50%
2001 Listen to Your Heartbeat 5
50%
2002 Never Let It Go 8
50%
2011 Popular 3
50%
1979 Satellit 17
50%
1999 Take Me to Your Heaven 1
50%
2024 Unforgettable 9
50%
2000 When Spirits Are Calling My Name 7
50%
2013 You 14
50%
1973 You're Summer 5
50%
1960 Alla andra får varann 10
0%
1961 April, april 14
0%
1959 Augustin 9
0%
2025 Bara bada bastu 4
0%
1997 Bara hon älskar mig 14
0%
1977 Beatles 18
0%
1987 Boogaloo 12
0%
1982 Dag efter dag 8
0%
1978 Det blir alltid värre framåt natten 14
0%
1968 Det börjar verka kärlek, banne mig 5
0%
1986 E' de' det här du kallar kärlek 5
0%
1989 En dag 4
0%
1963 En gång i Stockholm 13
0%
1981 Fångad i en dröm 10
0%
2003 Give Me Your Love 5
0%
1972 Härliga sommardag 13
0%
1992 I morgon är en annan dag 22
0%
2004 It Hurts 5
0%
1969 Judy, min vän 9
0%
1980 Just nu 10
0%
1998 Kärleken är 10
0%
2009 La voix 21
0%
1958 Lilla stjärna 4
0%
1966 Nygammal vals 2
0%
1995 Se på mej 3
0%
1962 Sol och vår 7
0%
1967 Som en dröm 8
0%
1990 Som en vind 16
0%
1988 Stad i ljus 12
0%
1994 Stjärnorna 13
0%
2007 The Worrying Kind 18
0%
2010 This Is My Life 11 (SF)
0%
1971 Vita vidder 6
0%
No matching quizzes found
Score Distribution
Percent of People with Each Score
Percentile by Number Answered
Your Score History
You have not taken this quiz since the last reset